00595nam a22001097a 4500008004100000100002400041245016800065260004200233300003300275650013600308773004100444210716b ||||| |||| 00| 0 eng d ajagat, Suresh Kumar aAnalysis of stakeholder’s approach and view for the successful implementation of mild-day meal schme in rural areas of Dakshin Dinajpur district of West Bengal  aThe Administrator: Journal of LBSNAA  a 60(3), Dec, 2020: p.134-190 aNational Programme for Nutritional Support to Primary Education, School children - Food, School children - Food - Government policy aThe Administrator: Journal of LBSNAA